|
|
|
|
| LEADER |
01120nam a2200277 i 4500 |
| 001 |
41357 |
| 003 |
BD-DhAAL |
| 005 |
20230724113939.0 |
| 008 |
240723t1976 ilua b 001 0 eng |
| 010 |
|
|
|a 75043240
|
| 020 |
|
|
|a 0226041115 :
|c $20.00
|
| 040 |
|
|
|a DLC
|c DLC
|d DLC
|d BD-DhAAL
|
| 050 |
0 |
0 |
|a HB71
|b .B43
|
| 082 |
0 |
0 |
|a 330
|
| 100 |
1 |
|
|a Becker, Gary S.
|q (Gary Stanley),
|d 1930-2014.
|9 55181
|
| 245 |
1 |
4 |
|a The economic approach to human behavior /
|c Gary S. Becker.
|
| 260 |
|
|
|a Chicago :
|b University of Chicago Press,
|c 1976.
|
| 300 |
|
|
|a 314 pages :
|b illustrations ;
|c 24 cm.
|
| 504 |
|
|
|a Includes bibliographical references (p. 295-309) and index.
|
| 541 |
|
|
|a Donated By Akbar Ali Khan
|e 41357
|
| 650 |
|
0 |
|a Economics.
|
| 650 |
|
0 |
|a Social sciences.
|
| 852 |
|
|
|a Ayesha Abed Library
|c Akbar Ali Khan Collection
|
| 942 |
|
|
|2 ddc
|c BK
|
| 999 |
|
|
|c 46017
|d 46017
|
| 952 |
|
|
|0 0
|1 0
|2 ddc
|4 0
|6 330_000000000000000_BEC
|7 1
|9 74115
|a BRACUL
|b BRACUL
|c AAKC
|d 2023-07-24
|e Donated by Akbar Ali Khan
|g 2170.72
|l 0
|o 330 BEC
|p 3010041357
|r 2023-07-24
|t 1
|v 2170.72
|w 2023-07-24
|y BK
|x price are not available in book (collected from amazon.com )
|